| 000 | 00410cam a2200157ua 4500 | ||
|---|---|---|---|
| 041 |
_aeng _h |
||
| 082 |
_a615.902 _bPAT/IN |
||
| 100 | _aPatty, Frank.A . | ||
| 245 | 0 | 0 |
_aIndustrial Hygience and Toxicology / _cA.Frank Patty. _hTextual Documents |
| 250 |
_a2 rev / _b. |
||
| 260 |
_aNewyork : _bInter science publishers inc , _c1958. |
||
| 300 | _a830 ; . | ||
| 504 | _a | ||
| 942 | _cBK | ||
| 999 |
_c750 _d750 |
||